logo

Bir Sreshtho Munshi Abdur Rouf Library
Jhenaidah Cadet College

Founders of Pakistan / (Record no. 9665)

MARC details
000 -LEADER
fixed length control field 00708cam a2200265 4500
001 - CONTROL NUMBER
JCCL Control Number 9665
003 - CONTROL NUMBER IDENTIFIER
JCCL marc code BD-JhCC
005 - DATE AND TIME OF LATEST TRANSACTION
control field 20180321191936.0
008 - FIXED-LENGTH DATA ELEMENTS--GENERAL INFORMATION
fixed length control field 180321s1968 pk c b 000 0ceng
035 ## - SYSTEM CONTROL NUMBER
system control number (BD-JhCC)9665
040 ## - CATALOGING SOURCE
Original cataloging agency DLC
Transcribing agency DLC
Modifying agency DLC
-- BD-JhCC
041 ## - LANGUAGE CODE
Language code of Book eng
050 00 - LIBRARY OF CONGRESS CALL NUMBER
Classification number DS381
Item number .S2
082 00 - DEWEY DECIMAL CLASSIFICATION NUMBER
Classification number 954.9
Author mark and Year SAF 1968
100 0# - MAIN ENTRY--PERSONAL NAME
Personal name Safdar Mahmood,
Dates associated with a name 1941-
245 10 - TITLE STATEMENT
Title Founders of Pakistan /
Statement of responsibility, etc by Safdar Mahmood [and] Javaid Zafar.
250 ## - EDITION STATEMENT
Edition statement [1st ed.]
260 ## - PUBLICATION, DISTRIBUTION, ETC. (IMPRINT)
Place of publication, distribution, etc Lahore :
Name of publisher, distributor, etc Publishers United,
Date of publication, distribution, etc 1968.
300 ## - PHYSICAL DESCRIPTION
Pagination x, 249 p.
Other physical details ports.
Dimensions 21 cm.
350 ## - PRICE (NR) (BK AM CF MU VM SE) [OBSOLETE]
Price 12.00
651 #0 - SUBJECT ADDED ENTRY--GEOGRAPHIC NAME
Geographic name Pakistan
General subdivision Biography.
700 1# - ADDED ENTRY--PERSONAL NAME
Personal name Zafar, Javaid,
942 ## - ADDED ENTRY ELEMENTS (KOHA)
Source of classification or shelving scheme Dewey Decimal Classification
Koha item type Books
Holdings
Source of classification or shelving scheme Damaged status Not for loan Home library Current library Shelving location Total Checkouts Full call number Barcode Date last seen Copy number Koha item type
Dewey Decimal Classification     JCC Rouf Library JCC Rouf Library General Stacks   954.9 SAF 1968 12693 03/21/2018 C - 1 Books

JCC Library | Contacts | JCC Home

Last Update on 23 September 2017
Copyright @ 2017-2020 JCC Rouf Library
Rouf Library, Jhenidah Cadet College (JCC), Bangladesh